000 00443nam a2200193Ia 4500
003 0100
008 130303s9999 xx 000 0 und d
040 _cARRUPELIB
050 _aK460.F57 1980
100 _aFinnis, John
245 _aNatural law and natural rights
260 _aOxford
260 _bClarendon Press
260 _C1980
300 _a425p
650 _bPersonal well-being, happiness
650 _cSuccess
942 0 0 _05
999 _c26420
_d26420